| 000 | 00924nam a2200265 i 4500 | ||
|---|---|---|---|
| 001 | bg | ||
| 003 | BPK | ||
| 005 | 20200428143120.0 | ||
| 008 | 960660s1971 pl f |000 0 pol | ||
| 040 | _cBPK | ||
| 041 | _apol | ||
| 080 | _a51 | ||
| 080 | _a(07) | ||
| 100 | 1 |
_aLeitner, Roman _d(1914-2008). _eAutor |
|
| 245 | 1 | 0 |
_aMatematyka : _bkurs przygotowawczy na wyższe uczelnie techniczne. _nCz. 1 / _cRoman Leitner, Wojciech Żakowski. |
| 250 | _aWyd. 7. | ||
| 260 |
_aWarszawa : _bWydawnictwa Naukowo-Techniczne, _c1971. |
||
| 300 |
_a317, [1] s. : _bil. ; _c23 cm. |
||
| 650 | 4 |
_aMatematyka _xszkoły średnie. |
|
| 655 | _aPodręczniki dla szkół średnich | ||
| 650 | 4 | _aEgzaminy do szkół wyższych | |
| 700 | 1 |
_aŻakowski, Wojciech _d(1929-1993) _eAutor |
|
| 856 |
_uhttp://koha.tu.koszalin.pl/cgi-bin/koha/opac-detail.pl?biblionumber=7256 _yKatalog online BPK |
||
| 942 |
_cKS _2UKD |
||
| 999 |
_c7256 _d7256 |
||